Southville International School and Colleges
Your cart is empty.
  • Cart
  • Lists
    Public lists Eva Luna New books Lux_list list_1
    Your lists Log in to create your own lists
  • Log in to your account
  • Your cookies
  • Search history
Southville International School and Colleges
  • Advanced search
  • Recent comments
  • Most popular
  • Libraries

Log in to your account

Log in with GOOGLE


If you do not have an external account, but do have a local account, you can still log in:

  1. Home
  2. MARC view: A manual for writers of term papers, theses, and dissertations
Normal view MARC view ISBD view

A manual for writers of term papers, theses, and dissertations (Record no. 2246)

[ view plain ]
MARC details
000 -LEADER
fixed length control field 01062cam a2200325 a 4500
001 - CONTROL NUMBER
control field 516845
003 - CONTROL NUMBER IDENTIFIER
control field OSt
005 - DATE AND TIME OF LATEST TRANSACTION
control field 20151027113420.0
008 - FIXED-LENGTH DATA ELEMENTS--GENERAL INFORMATION
fixed length control field 860714s1987 ilu b 001 0 eng
010 ## - LIBRARY OF CONGRESS CONTROL NUMBER
LC control number 86019128
020 ## - INTERNATIONAL STANDARD BOOK NUMBER
International Standard Book Number 9710861646
040 ## - CATALOGING SOURCE
Original cataloging agency DLC
Transcribing agency DLC
Modifying agency DLC
050 00 - LIBRARY OF CONGRESS CALL NUMBER
Classification number LB 2369
Item number .T929 1996
082 00 - DEWEY DECIMAL CLASSIFICATION NUMBER
Classification number IB 808.02
Item number T84 1996
100 1# - MAIN ENTRY--PERSONAL NAME
Personal name Turabian, Kate L.
245 12 - TITLE STATEMENT
Title A manual for writers of term papers, theses, and dissertations
Statement of responsibility, etc Kate L. Turabian.
250 ## - EDITION STATEMENT
Edition statement 6th ed. /
Remainder of edition statement revised by John Grossman and Alice Bennett
260 ## - PUBLICATION, DISTRIBUTION, ETC. (IMPRINT)
Place of publication, distribution, etc Chicago :
Name of publisher, distributor, etc University of Chicago Press,
Date of publication, distribution, etc c1996.
300 ## - PHYSICAL DESCRIPTION
Extent 308 p. :
Dimensions 22 cm.
440 #0 - SERIES STATEMENT/ADDED ENTRY--TITLE
Title Chicago guides to writing, editing, and publishing
500 ## - GENERAL NOTE
General note Includes index.
504 ## - BIBLIOGRAPHY, ETC. NOTE
Bibliography, etc Bibliography: p. 281-282.
562 ## - COPY AND VERSION IDENTIFICATION NOTE
Number of copies 1
650 #0 - SUBJECT ADDED ENTRY--TOPICAL TERM
Topical term or geographic name as entry element Dissertations, Academic
General subdivision Handbooks, manuals, etc.
650 #0 - SUBJECT ADDED ENTRY--TOPICAL TERM
Topical term or geographic name as entry element Academic writing
General subdivision Handbooks, manuals, etc.
700 1# - ADDED ENTRY--PERSONAL NAME
Personal name Honigsblum, Bonnie Birtwistle.
906 ## - LOCAL DATA ELEMENT F, LDF (RLIN)
a 7
b cbc
c orignew
d 1
e ocip
f 19
g y-gencatlg
942 ## - ADDED ENTRY ELEMENTS (KOHA)
Source of classification or shelving scheme Library of Congress Classification
Koha item type Books
Holdings
Withdrawn status Lost status Source of classification or shelving scheme Damaged status Home library Current library Shelving location Date acquired Total Checkouts Full call number Barcode Date last seen Copy number Price effective from Koha item type
    Library of Congress Classification   Luxembourg Library Luxembourg Library International Baccalaureate Section 03/08/2013   LB 2369 .T929 1996 13761 08/13/2013 1 10/03/2013 Books

A manual for writers of term papers, theses, and dissertations

APA

Turabian K. L., Honigsblum B. B., . (1996). A manual for writers of term papers, theses, and dissertations. Chicago: University of Chicago Press.

Chicago

Turabian Kate L, Honigsblum Bonnie Birtwistle, . 1996. A manual for writers of term papers, theses, and dissertations. Chicago: University of Chicago Press.

Harvard

Turabian K. L., Honigsblum B. B., . (1996). A manual for writers of term papers, theses, and dissertations. Chicago: University of Chicago Press.

MLA

Turabian Kate L, Honigsblum Bonnie Birtwistle, . A manual for writers of term papers, theses, and dissertations. Chicago: University of Chicago Press. 1996.

  • Place hold
  • Print
  • Cite
  • Add to your cart (remove)
  • Save record
    BIBTEX Dublin Core MARCXML MARC (non-Unicode/MARC-8) MARC (Unicode/UTF-8) MARC (Unicode/UTF-8, Standard) MODS (XML) RIS
  • More searches
    Search for this title in:
    Other Libraries (WorldCat) Other Databases (Google Scholar) Online Stores (Bookfinder.com) Open Library (openlibrary.org)

Exporting to Dublin Core...

SOUTHVILLE LIBRARY

Southville International School and Colleges Library

1281 Tropical Ave. Cor. Luxembourg St., BF Homes International, Las Pinas City

Tel. No. 8256374 / 252358 Loc. 117/146

Powered by Koha